| 000 | 00362nam a2200121Ia 4500 | ||
|---|---|---|---|
| 008 | 200911s9999 xx 000 0 und d | ||
| 020 | _a978-971-98-1017-9 | ||
| 100 | _aCariño, Jovito V. | ||
| 245 |
_cJovito V. Cariño _aFundamentals of ethics/ |
||
| 260 |
_aQuezon City: _bC and E Publishing, Inc. _c2018 |
||
| 300 |
_axiii, 187 pages _c22 cm. |
||
| 650 | _aEthics | ||
| 999 |
_c364196 _d364196 |
||